[Event "Tournoi International du Pays de Charleroi 2018"]
[Site "Roux, Belgium"]
[Date "2018.08.04"]
[Round "9.25"]
[White "Barbier, Sigiswald"]
[Black "Grodent, Gerald"]
[Result "1-0"]
[WhiteElo "2117"]
[BlackElo "2017"]

1. c4 {[%clk 01:30:57]} {[%emt 00:00:03]} e6 {[%clk 01:30:10]} {[%emt
00:00:51]} 2. g3 {[%clk 01:31:17]} {[%emt 00:00:09]} Nf6 {[%clk 01:30:35]}
{[%emt 00:00:05]} 3. Bg2 {[%clk 01:31:43]} {[%emt 00:00:04]} d5 {[%clk
01:30:17]} {[%emt 00:00:48]} 4. Nf3 {[%clk 01:32:09]} {[%emt 00:00:06]} Be7
{[%clk 01:29:58]} {[%emt 00:00:49]} 5. O-O {[%clk 01:32:33]} {[%emt 00:00:04]}
O-O {[%clk 01:30:22]} {[%emt 00:00:07]} 6. b3 {[%clk 01:33:00]} {[%emt
00:00:03]} Nbd7 {[%clk 01:29:34]} {[%emt 00:01:17]} 7. Bb2 {[%clk 01:32:51]}
{[%emt 00:00:39]} c6 {[%clk 01:24:45]} {[%emt 00:05:19]} 8. e3 {[%clk
01:32:21]} {[%emt 00:01:00]} Re8 {[%clk 01:24:40]} {[%emt 00:00:35]} 9. Qc2
{[%clk 01:25:56]} {[%emt 00:06:55]} Bd6 {[%clk 01:14:14]} {[%emt 00:10:55]} 10.
Nc3 {[%clk 01:23:11]} {[%emt 00:03:16]} Nf8 {[%clk 01:12:10]} {[%emt 00:02:32]}
11. d4 {[%clk 01:16:55]} {[%emt 00:06:48]} Ng6 {[%clk 01:09:57]} {[%emt
00:02:42]} 12. c5 {[%clk 01:14:57]} {[%emt 00:02:29]} Bc7 {[%clk 01:09:28]}
{[%emt 00:00:59]} 13. e4 {[%clk 01:14:42]} {[%emt 00:00:45]} dxe4 {[%clk
01:09:08]} {[%emt 00:00:50]} 14. Nxe4 {[%clk 01:14:53]} {[%emt 00:00:19]} Nd5
{[%clk 01:04:47]} {[%emt 00:04:51]} 15. Ne5 {[%clk 01:12:59]} {[%emt 00:02:25]}
f6 {[%clk 00:53:36]} {[%emt 00:11:39]} 16. Nc4 {[%clk 01:12:21]} {[%emt
00:01:08]} Rf8 {[%clk 00:50:31]} {[%emt 00:03:35]} 17. Rfe1 {[%clk 00:52:02]}
{[%emt 00:20:50]} b5 {[%clk 00:45:11]} {[%emt 00:05:51]} 18. cxb6 {[%clk
00:44:08]} {[%emt 00:08:24]} axb6 {[%clk 00:44:17]} {[%emt 00:01:24]} 19. a4
{[%clk 00:44:21]} {[%emt 00:00:16]} f5 {[%clk 00:39:05]} {[%emt 00:05:41]} 20.
Ned2 {[%clk 00:41:51]} {[%emt 00:03:00]} b5 {[%clk 00:29:31]} {[%emt 00:10:06]}
21. Ne5 {[%clk 00:39:46]} {[%emt 00:02:34]} Nxe5 {[%clk 00:29:29]} {[%emt
00:00:32]} 22. dxe5 {[%clk 00:40:05]} {[%emt 00:00:11]} Bb7 {[%clk 00:28:48]}
{[%emt 00:01:11]} 23. Nf3 {[%clk 00:37:23]} {[%emt 00:03:12]} Bb6 {[%clk
00:24:16]} {[%emt 00:05:02]} 24. Red1 {[%clk 00:37:08]} {[%emt 00:00:45]} Qe7
{[%clk 00:21:39]} {[%emt 00:03:03]} 25. Nd4 {[%clk 00:32:43]} {[%emt 00:04:59]}
Bxd4 {[%clk 00:16:01]} {[%emt 00:06:08]} 26. Bxd4 {[%clk 00:32:36]} {[%emt
00:00:37]} Rfc8 {[%clk 00:15:39]} {[%emt 00:00:52]} 27. Bc5 {[%clk 00:31:29]}
{[%emt 00:01:36]} Qf7 {[%clk 00:14:53]} {[%emt 00:01:17]} 28. a5 {[%clk
00:25:26]} {[%emt 00:06:33]} Qh5 {[%clk 00:12:18]} {[%emt 00:03:04]} 29. Rd4
{[%clk 00:20:00]} {[%emt 00:05:56]} g5 {[%clk 00:10:34]} {[%emt 00:02:15]} 30.
Bxd5 {[%clk 00:18:44]} {[%emt 00:01:45]} cxd5 {[%clk 00:10:52]} {[%emt
00:00:12]} 31. b4 {[%clk 00:18:32]} {[%emt 00:00:43]} Kh8 {[%clk 00:10:12]}
{[%emt 00:01:09]} 32. Qd1 {[%clk 00:17:42]} {[%emt 00:01:21]} Qxd1+ {[%clk
00:07:34]} {[%emt 00:03:08]} 33. Raxd1 {[%clk 00:18:00]} {[%emt 00:00:12]} Kg7
{[%clk 00:07:38]} {[%emt 00:00:25]} 34. f3 {[%clk 00:16:41]} {[%emt 00:01:49]}
Kg6 {[%clk 00:07:43]} {[%emt 00:00:25]} 35. Kf2 {[%clk 00:16:54]} {[%emt
00:00:17]} h6 {[%clk 00:07:35]} {[%emt 00:00:38]} 36. h4 {[%clk 00:15:29]}
{[%emt 00:01:55]} Rc7 {[%clk 00:06:30]} {[%emt 00:01:35]} 37. Rh1 {[%clk
00:15:17]} {[%emt 00:00:42]} Rh7 {[%clk 00:05:40]} {[%emt 00:01:20]} 38. Rdd1
{[%clk 00:14:53]} {[%emt 00:00:54]} Rc8 {[%clk 00:05:05]} {[%emt 00:01:05]} 39.
Ra1 {[%clk 00:15:04]} {[%emt 00:00:19]} Ba6 {[%clk 00:05:01]} {[%emt 00:00:34]}
40. Ke3 {[%clk 00:10:19]} {[%emt 00:05:15]} Rf7 {[%clk 00:02:08]} {[%emt
00:03:23]} 41. hxg5 {[%clk 00:01:39]} {[%emt 00:09:10]} hxg5 {[%clk 00:01:35]}
{[%emt 00:01:04]} 42. f4 {[%clk 00:28:47]} {[%emt 00:03:22]} g4 {[%clk
00:28:46]} {[%emt 00:03:18]} 43. Kd4 {[%clk 00:26:58]} {[%emt 00:02:19]} Rh7
{[%clk 00:28:23]} {[%emt 00:00:53]} 44. Rxh7 {[%clk 00:27:14]} {[%emt
00:00:14]} Kxh7 {[%clk 00:28:52]} {[%emt 00:00:02]} 45. Rc1 {[%clk 00:26:52]}
{[%emt 00:00:52]} Kg6 {[%clk 00:27:29]} {[%emt 00:01:53]} 46. Rc3 {[%clk
00:26:28]} {[%emt 00:00:53]} Rc7 {[%clk 00:15:33]} {[%emt 00:12:26]} 47. Bb6
{[%clk 00:26:29]} {[%emt 00:00:30]} Rxc3 {[%clk 00:14:57]} {[%emt 00:01:07]} 48.
Kxc3 {[%clk 00:26:56]} {[%emt 00:00:02]} Kf7 {[%clk 00:15:19]} {[%emt
00:00:07]} 49. Bf2 {[%clk 00:24:58]} {[%emt 00:02:28]} Ke7 {[%clk 00:15:29]}
{[%emt 00:00:21]} 50. Kd4 {[%clk 00:25:25]} {[%emt 00:00:03]} Kd7 {[%clk
00:15:51]} {[%emt 00:00:08]} 51. Kc5 {[%clk 00:25:46]} {[%emt 00:00:09]} Kc7
{[%clk 00:16:14]} {[%emt 00:00:07]} 52. Bd4 {[%clk 00:25:41]} {[%emt 00:00:34]}
1-0

[Event "Tournoi International du Pays de Charleroi 2018"]
[Site "Roux, Belgium"]
[Date "2018.08.04"]
[Round "9.26"]
[White "Russian, Carlo"]
[Black "Mitran Anthony, Cristian"]
[Result "1-0"]
[WhiteElo "1992"]
[BlackElo "2096"]

1. e4 {[%clk 01:30:59]} g6 {[%clk 01:29:57]} {[%emt 00:01:06]} 2. d4 {[%clk
01:31:24]} {[%emt 00:00:05]} Bg7 {[%clk 01:30:25]} {[%emt 00:00:03]} 3. Nc3
{[%clk 01:31:49]} {[%emt 00:00:04]} c6 {[%clk 01:30:54]} 4. Nf3 {[%clk
01:32:13]} {[%emt 00:00:08]} d5 {[%clk 01:31:22]} {[%emt 00:00:02]} 5. h3
{[%clk 01:32:38]} {[%emt 00:00:05]} dxe4 {[%clk 01:31:49]} {[%emt 00:00:05]} 6.
Nxe4 {[%clk 01:33:03]} {[%emt 00:00:04]} Nd7 {[%clk 01:32:15]} {[%emt
00:00:05]} 7. Bc4 {[%clk 01:33:26]} {[%emt 00:00:06]} Ngf6 {[%clk 01:32:36]}
{[%emt 00:00:10]} 8. Nxf6+ {[%clk 01:33:51]} {[%emt 00:00:05]} Nxf6 {[%clk
01:33:01]} {[%emt 00:00:06]} 9. O-O {[%clk 01:34:14]} {[%emt 00:00:07]} O-O
{[%clk 01:31:45]} {[%emt 00:01:51]} 10. Re1 {[%clk 01:34:39]} {[%emt 00:00:02]}
b5 {[%clk 01:23:19]} {[%emt 00:09:21]} 11. Bb3 {[%clk 01:27:28]} {[%emt
00:08:02]} Bb7 {[%clk 01:22:36]} {[%emt 00:01:17]} 12. Bg5 {[%clk 01:25:12]}
{[%emt 00:02:54]} e6 {[%clk 01:19:51]} {[%emt 00:03:22]} 13. Ne5 {[%clk
01:22:35]} {[%emt 00:03:17]} Kh8 {[%clk 01:05:47]} {[%emt 00:15:24]} 14. Qf3
{[%clk 01:12:08]} {[%emt 00:11:48]} Rc8 {[%clk 01:03:29]} {[%emt 00:02:59]} 15.
Ng4 {[%clk 01:06:34]} {[%emt 00:06:28]} c5 {[%clk 00:59:33]} {[%emt 00:04:43]}
16. Qxb7 {[%clk 01:06:41]} {[%emt 00:00:25]} h6 {[%clk 00:58:28]} {[%emt
00:01:43]} 17. Nxh6 {[%clk 00:49:38]} {[%emt 00:19:02]} Rc7 {[%clk 00:57:35]}
{[%emt 00:01:25]} 18. Qf3 {[%clk 00:49:52]} {[%emt 00:00:19]} Qxd4 {[%clk
00:56:03]} {[%emt 00:02:11]} 19. c3 {[%clk 00:50:00]} {[%emt 00:00:24]} Qd7
{[%clk 00:56:16]} {[%emt 00:00:18]} 20. Bxf6 {[%clk 00:50:19]} {[%emt
00:00:12]} c4 {[%clk 00:56:44]} {[%emt 00:00:03]} 21. Rad1 {[%clk 00:50:14]}
{[%emt 00:00:37]} Qc8 {[%clk 00:56:58]} {[%emt 00:00:18]} 22. Bc2 {[%clk
00:50:33]} {[%emt 00:00:12]} Rc5 {[%clk 00:57:23]} {[%emt 00:00:07]} 23. Ng4
{[%clk 00:50:14]} {[%emt 00:00:51]} Qc7 {[%clk 00:57:04]} {[%emt 00:00:52]} 24.
Bxg7 {[%clk 00:49:54]} {[%emt 00:00:51]} Kxg7 {[%clk 00:57:33]} {[%emt
00:00:02]} 25. Qf6+ {[%clk 00:50:16]} {[%emt 00:00:08]} Kg8 {[%clk 00:57:53]}
{[%emt 00:00:12]} 26. Nh6+ {[%clk 00:49:19]} {[%emt 00:01:30]} Kh7 {[%clk
00:58:21]} {[%emt 00:00:02]} 27. Bxg6 {[%clk 00:49:31]} {[%emt 00:00:19]} Kxh6
{[%clk 00:58:38]} {[%emt 00:00:14]} 28. Bxf7 {[%clk 00:49:58]} {[%emt
00:00:04]} Kh7 {[%clk 00:59:01]} {[%emt 00:00:08]} 29. Qg6 {[%clk 00:50:25]}
{[%emt 00:00:03]} Kh8 {[%clk 00:59:20]} {[%emt 00:00:12]} 30. Qh6 {[%clk
00:50:51]} {[%emt 00:00:04]} 1-0

[Event "Tournoi International du Pays de Charleroi 2018"]
[Site "Roux, Belgium"]
[Date "2018.08.04"]
[Round "9.30"]
[White "Van Uytven, Eric"]
[Black "Barbier, Wim"]
[Result "1/2-1/2"]
[WhiteElo "2046"]
[BlackElo "2117"]

1. d4 {[%clk 01:29:36]} {[%emt 00:01:22]} d6 {[%clk 01:30:46]} {[%emt
00:00:16]} 2. Nf3 {[%clk 01:29:39]} {[%emt 00:00:24]} Nf6 {[%clk 01:31:08]}
{[%emt 00:00:11]} 3. g3 {[%clk 01:29:49]} {[%emt 00:00:19]} Nbd7 {[%clk
01:30:50]} {[%emt 00:00:48]} 4. Bg2 {[%clk 01:29:58]} {[%emt 00:00:19]} e5
{[%clk 01:26:47]} {[%emt 00:04:35]} 5. O-O {[%clk 01:29:25]} {[%emt 00:01:01]}
Be7 {[%clk 01:23:49]} {[%emt 00:03:29]} 6. c4 {[%clk 01:28:46]} {[%emt
00:01:06]} O-O {[%clk 01:23:16]} {[%emt 00:01:07]} 7. Nc3 {[%clk 01:28:21]}
{[%emt 00:00:53]} c6 {[%clk 01:22:16]} {[%emt 00:01:31]} 8. e4 {[%clk
01:27:32]} {[%emt 00:01:19]} Re8 {[%clk 01:20:19]} {[%emt 00:02:28]} 9. h3
{[%clk 01:25:41]} {[%emt 00:02:18]} a6 {[%clk 01:13:23]} {[%emt 00:07:29]} 10.
a4 {[%clk 01:11:32]} {[%emt 00:14:38]} a5 {[%clk 01:10:21]} {[%emt 00:03:33]}
11. Be3 {[%clk 01:07:52]} {[%emt 00:04:09]} Qc7 {[%clk 01:01:47]} {[%emt
00:09:05]} 12. Rc1 {[%clk 00:52:19]} {[%emt 00:16:03]} Bf8 {[%clk 01:00:26]}
{[%emt 00:01:52]} 13. Qc2 {[%clk 00:48:21]} {[%emt 00:04:26]} exd4 {[%clk
00:52:55]} {[%emt 00:08:02]} 14. Nxd4 {[%clk 00:46:32]} {[%emt 00:02:14]} Nc5
{[%clk 00:47:32]} {[%emt 00:05:58]} 15. Rfe1 {[%clk 00:44:04]} {[%emt
00:02:56]} Nfd7 {[%clk 00:43:13]} {[%emt 00:04:52]} 16. Rcd1 {[%clk 00:40:51]}
{[%emt 00:03:42]} Na6 {[%clk 00:40:14]} {[%emt 00:03:30]} 17. Rd2 {[%clk
00:34:17]} {[%emt 00:07:01]} Nb4 {[%clk 00:37:48]} {[%emt 00:02:58]} 18. Qd1
{[%clk 00:33:39]} {[%emt 00:01:07]} g6 {[%clk 00:29:15]} {[%emt 00:09:03]} 19.
b3 {[%clk 00:29:12]} {[%emt 00:04:58]} Na6 {[%clk 00:25:54]} {[%emt 00:03:51]}
20. Kh2 {[%clk 00:26:56]} {[%emt 00:02:44]} Nac5 {[%clk 00:25:53]} {[%emt
00:00:33]} 21. Qc2 {[%clk 00:22:12]} {[%emt 00:05:12]} 1/2-1/2

[Event "Tournoi International du Pays de Charleroi 2018"]
[Site "Roux, Belgium"]
[Date "2018.08.04"]
[Round "9.3"]
[White "Mirzoev, Azer"]
[Black "Inkiov, Ventzislav"]
[Result "1/2-1/2"]
[WhiteTitle "GM"]
[BlackTitle "GM"]
[WhiteElo "2506"]
[BlackElo "2432"]

1. c4 {[%clk 01:30:45]} {[%emt 00:00:14]} e6 {[%clk 01:30:37]} {[%emt
00:00:24]} 2. Nf3 {[%clk 01:31:02]} {[%emt 00:00:14]} Nf6 {[%clk 01:30:59]}
{[%emt 00:00:07]} 3. g3 {[%clk 01:31:29]} {[%emt 00:00:04]} d5 {[%clk
01:30:44]} {[%emt 00:00:45]} 4. Bg2 {[%clk 01:31:55]} {[%emt 00:00:03]} c5
{[%clk 01:30:40]} {[%emt 00:00:34]} 5. cxd5 {[%clk 01:31:54]} {[%emt 00:00:32]}
Nxd5 {[%clk 01:30:34]} {[%emt 00:00:35]} 6. O-O {[%clk 01:31:47]} {[%emt
00:00:37]} Nc6 {[%clk 01:30:52]} {[%emt 00:00:12]} 7. d4 {[%clk 01:30:41]}
{[%emt 00:01:36]} Be7 {[%clk 01:31:14]} {[%emt 00:00:07]} 8. dxc5 {[%clk
01:25:44]} {[%emt 00:05:28]} Bxc5 {[%clk 01:31:19]} {[%emt 00:00:26]} 9. Nc3
{[%clk 01:21:01]} {[%emt 00:05:13]} Nxc3 {[%clk 01:30:06]} {[%emt 00:01:42]} 10.
Qxd8+ {[%clk 01:21:24]} Nxd8 {[%clk 01:30:06]} 11. bxc3 {[%clk 01:21:47]}
{[%emt 00:00:22]} b6 {[%clk 01:30:51]} {[%emt 00:00:08]} 12. a4 {[%clk
01:17:20]} {[%emt 00:04:57]} Bb7 {[%clk 01:30:47]} {[%emt 00:00:33]} 13. a5
{[%clk 01:17:39]} {[%emt 00:00:12]} Rc8 {[%clk 01:26:46]} {[%emt 00:04:31]} 14.
Rd1 {[%clk 01:03:47]} {[%emt 00:14:20]} bxa5 {[%clk 01:06:13]} {[%emt
00:21:04]} 15. Rxa5 {[%clk 00:58:14]} {[%emt 00:06:02]} Bb6 {[%clk 01:06:22]}
{[%emt 00:00:21]} 16. Ra3 {[%clk 00:58:37]} {[%emt 00:00:07]} Nc6 {[%clk
00:48:18]} {[%emt 00:18:34]} 17. Ne5 {[%clk 00:42:25]} {[%emt 00:16:40]} Nxe5
{[%clk 00:44:10]} {[%emt 00:04:41]} 18. Bxb7 {[%clk 00:42:48]} {[%emt
00:00:07]} Rc7 {[%clk 00:44:28]} {[%emt 00:00:11]} 19. Ba6 {[%clk 00:42:12]}
{[%emt 00:01:06]} Ng4 {[%clk 00:43:41]} {[%emt 00:01:17]} 20. e3 {[%clk
00:41:46]} {[%emt 00:00:55]} Ne5 {[%clk 00:43:20]} {[%emt 00:00:52]} 21. Ra4
{[%clk 00:37:35]} {[%emt 00:04:40]} O-O {[%clk 00:43:10]} {[%emt 00:00:41]} 22.
Ba3 {[%clk 00:34:31]} {[%emt 00:03:33]} Bc5 {[%clk 00:43:32]} {[%emt 00:00:09]}
23. Bb4 {[%clk 00:34:43]} {[%emt 00:00:18]} g6 {[%clk 00:33:33]} {[%emt
00:10:29]} 24. Kg2 {[%clk 00:34:56]} {[%emt 00:00:15]} Bxb4 {[%clk 00:33:05]}
{[%emt 00:00:59]} 25. cxb4 {[%clk 00:35:16]} {[%emt 00:00:10]} Rc2 {[%clk
00:32:58]} {[%emt 00:00:37]} 26. h3 {[%clk 00:28:15]} {[%emt 00:07:29]} Rb2
{[%clk 00:32:58]} {[%emt 00:00:31]} 27. b5 {[%clk 00:26:39]} {[%emt 00:02:06]}
g5 {[%clk 00:29:10]} {[%emt 00:04:18]} 28. Re4 {[%clk 00:23:37]} {[%emt
00:03:30]} f6 {[%clk 00:28:40]} {[%emt 00:01:02]} 29. Red4 {[%clk 00:23:13]}
{[%emt 00:00:53]} h5 {[%clk 00:26:33]} {[%emt 00:02:37]} 30. Rc1 {[%clk
00:18:46]} {[%emt 00:04:56]} g4 {[%clk 00:23:54]} {[%emt 00:03:10]} 31. h4
{[%clk 00:18:45]} {[%emt 00:00:30]} Kg7 {[%clk 00:21:36]} {[%emt 00:02:49]} 32.
Rd6 {[%clk 00:17:36]} {[%emt 00:01:37]} Rf7 {[%clk 00:21:06]} {[%emt 00:01:02]}
33. Bc8 {[%clk 00:15:54]} {[%emt 00:02:10]} Rxb5 {[%clk 00:19:41]} {[%emt
00:01:57]} 34. Bxe6 {[%clk 00:16:18]} {[%emt 00:00:06]} Re7 {[%clk 00:20:08]}
{[%emt 00:00:04]} 35. Bd5 {[%clk 00:11:48]} {[%emt 00:04:58]} Rb2 {[%clk
00:17:21]} {[%emt 00:03:19]} 36. Rc8 {[%clk 00:07:13]} {[%emt 00:05:05]} Nf7
{[%clk 00:15:30]} {[%emt 00:02:21]} 37. Bxf7 {[%emt 00:02:08]} Kxf7 {[%clk
00:13:17]} {[%emt 00:01:00]} 38. Rcc6 {[%clk 00:05:40]} {[%emt 00:02:07]} Rxe3
{[%clk 00:13:31]} {[%emt 00:00:17]} 39. Rxf6+ {[%clk 00:06:04]} {[%emt
00:00:05]} Ke7 {[%clk 00:13:59]} {[%emt 00:00:02]} 40. Ra6 {[%clk 00:03:29]}
{[%emt 00:03:06]} Ra3 {[%clk 00:10:31]} {[%emt 00:03:57]} 41. Rae6+ {[%clk
00:02:24]} {[%emt 00:01:33]} Kd7 {[%clk 00:10:28]} {[%emt 00:00:35]} 42. Re1
{[%clk 00:20:56]} {[%emt 00:11:57]} Ra5 {[%clk 00:37:38]} {[%emt 00:03:20]} 43.
Kf1 {[%clk 00:17:22]} {[%emt 00:04:02]} Rd2 {[%clk 00:37:32]} {[%emt 00:00:38]}
44. Rb1 {[%clk 00:15:12]} {[%emt 00:02:40]} Rd6 {[%clk 00:36:17]} {[%emt
00:01:46]} 45. Rb7+ {[%clk 00:12:22]} {[%emt 00:03:19]} Kc6 {[%clk 00:36:42]}
{[%emt 00:00:06]} 46. Rff7 {[%clk 00:12:08]} {[%emt 00:00:43]} a6 {[%clk
00:36:27]} {[%emt 00:00:46]} 47. Rfc7+ {[%clk 00:09:30]} {[%emt 00:03:07]} Kd5
{[%clk 00:36:42]} {[%emt 00:00:16]} 48. Rb2 {[%clk 00:09:31]} {[%emt 00:00:28]}
Ke6 {[%clk 00:32:23]} {[%emt 00:04:50]} 49. Rh7 {[%clk 00:08:09]} {[%emt
00:01:51]} Re5 {[%clk 00:19:04]} {[%emt 00:13:50]} 50. Rh6+ {[%clk 00:04:34]}
{[%emt 00:04:04]} Kd7 {[%clk 00:19:17]} {[%emt 00:00:18]} 51. Rxd6+ {[%clk
00:04:42]} {[%emt 00:00:22]} Kxd6 {[%clk 00:19:43]} {[%emt 00:00:04]} 52. Rb6+
{[%clk 00:05:08]} {[%emt 00:00:04]} Ke7 {[%clk 00:20:08]} {[%emt 00:00:05]} 53.
Rxa6 {[%clk 00:05:35]} {[%emt 00:00:03]} Kf7 {[%clk 00:20:33]} {[%emt
00:00:05]} 54. Ra3 {[%clk 00:06:02]} {[%emt 00:00:03]} Kf6 {[%clk 00:20:42]}
{[%emt 00:00:20]} 55. Rd3 {[%clk 00:06:12]} {[%emt 00:00:20]} Kg6 {[%clk
00:20:24]} {[%emt 00:00:49]} 56. Re3 {[%clk 00:06:36]} {[%emt 00:00:05]} Ra5
{[%emt 00:01:00]} 57. Re6+ {[%clk 00:06:47]} Kf7 {[%clk 00:20:32]} {[%emt
00:00:12]} 58. Rd6 {[%clk 00:07:11]} {[%emt 00:00:05]} Re5 {[%clk 00:20:55]}
{[%emt 00:00:08]} 59. Rd2 {[%clk 00:07:20]} {[%emt 00:00:22]} Kf6 {[%clk
00:20:47]} {[%emt 00:00:37]} 60. Rc2 {[%clk 00:07:10]} {[%emt 00:00:40]} Kg6
{[%clk 00:20:34]} {[%emt 00:00:43]} 61. Rc3 {[%clk 00:07:31]} {[%emt 00:00:09]}
Kf6 {[%clk 00:20:44]} {[%emt 00:00:20]} 62. f3 {[%clk 00:07:31]} {[%emt
00:00:30]} gxf3 {[%clk 00:20:58]} {[%emt 00:00:17]} 63. Kf2 {[%clk 00:07:56]}
{[%emt 00:00:04]} Rf5 {[%clk 00:17:29]} {[%emt 00:03:59]} 64. Rc4 {[%clk
00:08:19]} {[%emt 00:00:07]} Kg6 {[%clk 00:17:08]} {[%emt 00:00:51]} 65. Rf4
{[%clk 00:08:35]} {[%emt 00:00:14]} Ra5 {[%clk 00:17:20]} {[%emt 00:00:19]} 66.
Kxf3 {[%clk 00:09:00]} {[%emt 00:00:04]} Ra3+ {[%clk 00:17:28]} {[%emt
00:00:22]} 67. Kg2 {[%clk 00:09:28]} {[%emt 00:00:02]} Ra2+ {[%clk 00:17:19]}
{[%emt 00:00:39]} 68. Rf2 {[%clk 00:09:50]} {[%emt 00:00:09]} Rxf2+ {[%clk
00:16:19]} {[%emt 00:01:30]} 69. Kxf2 {[%clk 00:10:15]} {[%emt 00:00:04]} Kf5
{[%clk 00:16:45]} {[%emt 00:00:05]} 70. Kf3 {[%clk 00:10:42]} {[%emt 00:00:04]}
Ke5 {[%clk 00:17:10]} {[%emt 00:00:05]} 71. g4 {[%clk 00:11:09]} {[%emt
00:00:03]} hxg4+ {[%clk 00:17:36]} {[%emt 00:00:04]} 72. Kxg4 {[%clk 00:11:34]}
{[%emt 00:00:06]} Kf6 {[%clk 00:18:00]} {[%emt 00:00:06]} 73. h5 {[%clk
00:12:00]} {[%emt 00:00:03]} Kg7 {[%clk 00:18:25]} {[%emt 00:00:05]} 74. Kg5
{[%clk 00:12:27]} {[%emt 00:00:04]} Kh7 {[%clk 00:18:51]} {[%emt 00:00:05]} 75.
h6 {[%clk 00:12:53]} {[%emt 00:00:04]} Kh8 {[%clk 00:19:18]} {[%emt 00:00:03]}
76. h7 {[%clk 00:13:09]} {[%emt 00:00:14]} Kxh7 {[%clk 00:18:48]} {[%emt
00:00:04]} 1/2-1/2